Cheriya Valiya Karyangal/ (Record no. 613932)

MARC details
000 -LEADER
fixed length control field 00320nam a22001217a 4500
020 ## - INTERNATIONAL STANDARD BOOK NUMBER
International Standard Book Number 12455833911518
082 ## - DEWEY DECIMAL CLASSIFICATION NUMBER
Classification number 8M0.09
Item number HUS/C
100 ## - MAIN ENTRY--PERSONAL NAME
Personal name Hussain Randathani
245 ## - TITLE STATEMENT
Title Cheriya Valiya Karyangal/
Statement of responsibility, etc. by Hussain Randathani
260 ## - PUBLICATION, DISTRIBUTION, ETC.
Place of publication, distribution, etc. Kozhikode:
Name of publisher, distributor, etc. Poonkavanam Publications,
Date of publication, distribution, etc. 2014.
300 ## - PHYSICAL DESCRIPTION
Extent 160p.
942 ## - ADDED ENTRY ELEMENTS (KOHA)
Koha item type Book
Holdings
Withdrawn status Lost status Damaged status Not for loan Collection code Home library Current library Shelving location Date acquired Total Checkouts Full call number Barcode Date last seen Price effective from Koha item type
      Not For Loan Non-fiction Study Centre Alappuzha, University of Kerala Study Centre Alappuzha, University of Kerala Processing Center 07/10/2021   8M0.09 HUS/C USCA4335 07/10/2021 07/10/2021 Book